Statystyki dla Historia Polski: powstanie kościuszkowskie

Kliknij tutaj aby rozwiązać quiz!

Ogólne statystyki

  • Ten quiz został rozwiązany 19 razy
  • Średni wynik to 11 z 22

Statystyki odpowiedzi

HintOdpowiedź% Poprawnych
W którym roku podpisano układ dopuszczający drugi rozbiór Polski?1792
100%
Jakie kraje podpisały ten układ?Rosja i Prusy
100%
Kto został ogłoszony wodzem powstania?Tadeusz Kościuszko
87%
Jaki tytuł nosi słynny obraz upamiętniający tą bitwę?"Panorama racławicka"
73%
Gdzie 10 października 1794 doszło do największej klęski powstańców,
po której w niewolę rosyjską dostał się sam naczelnik?
pod Maciejowicami
67%
W jakiej części Warszawy Rosjanie w ramach odwetu wywołali rzeź?w Pradze
67%
Jak nazywał się bohater bitwy - chłop - który zasłynął przez zgaszenie
wrogiej armaty czapką?
Bartosz Głowacki
60%
Gdzie doszło do pierwszej zwycięskiej bitwy powstańców?pod Racławicami
60%
Jak nazywał się wydany 7 maja 1794 uniwersał nadający przywileje chłopom,
mający na celu podburzenie wśród nich nastrojów powstańczych?
Uniwersał połaniecki
60%
Jaką nazwę, inspirując się Francuzami, przyjęło ugrupowanie
radykalnych powstańców, wywołujących zamieszki w Warszawie?
klub jakobinów
53%
W jakim landzie niemieckim powstał główny ośrodek emigracji?w Saksonii
53%
Kto był dowódzcą sił powstańczych, które 23 kwietnia zajęły Wilno?Jakub Jasiński
47%
Gdzie 6 czerwca 1794 doszło do pierwszego zwycięstwa wojsk Rosji i Prusów?pod Szczekocinami
47%
Kto dał sygnał do rozpoczęcia powstania?Antoni Madaliński
40%
W jaki sposób hańbiono portrety zdrajców - konfederatów targowickich?poprzez wieszanie
40%
Jaka jest data ogłoszenia aktu insurekcji przez jej naczelnika?24 marca 1794
33%
Jaka jest data zawarcia przez Rosję, Prusy i Austrię trzeciego traktatu rozbiorowego, bezpośrednio spowodowanego przez klęskę powstania kościuszkowskiego?24 października 1795
27%
Jaka jest data owej bitwy?4 kwietnia 1794
27%
Kto był w tym czasie dowódcą wojsk rosyjskich?Aleksander Suworow
27%
Kto stał na jego czele?Hugo Kołłątaj
Ignacy Potocki
27%
Kto po tym wydarzeniu został nowym naczelnikiem powstania?Tomasz Wawrzecki
27%
Jaka instytucja pełniła władzę w państwie podczas insurekcji?Rada Najwyższa Narodowa
7%

Rozkład punktacji

Percentyl według liczby udzielonych odpowiedzi

Procent ludzi z każdym wynikiem

Twoja historia wyników

Nie rozwiązałeś tego quizu